Statistics for Historical Timeline of Romania

Click here to take the quiz!

General Stats

  • This quiz has been taken 266 times
  • The average score is 10 of 12

Answer Stats

YearHintAnswer% Correct
107R____ EmpireRoman Empire
100%
370Hu____ EmpireHunnic Empire
98%
1881Kingdom of R______Kingdom of Romania
97%
1947Socialist Repbulic of R______Socialist Republic of Romania
97%
1359Principality of Mol_____Principality of Moldavia
92%
1000Kingdom of H______Kingdom of Hungary
91%
168 BCDa____ KingdomDacian Kingdom
87%
1246Principality of Wal______Principality of Wallachia
86%
1570Principality of Tr__________Principality of Transylvania
79%
1867A______-H______Austria-Hungary
76%
1529Eastern H________ KingdomEastern Hungarian Kingdom
76%
567Av__ KhaganateAvar Khaganate
60%

Score Distribution

Percentile by Number Answered

Percent of People with Each Score

Your Score History

You have not taken this quiz